| 000 | 00875nam a22001817a 4500 | ||
|---|---|---|---|
| 999 |
_c61996 _d61996 |
||
| 003 | Ge_BSU | ||
| 005 | 20240619165621.0 | ||
| 008 | 240619s1986 ge ||||| |||| 00| 0 geo d | ||
| 041 | _ageo | ||
| 080 | _a615.825.4+796.035 ს-45 | ||
| 100 |
_aსვანიშვილი, რ. _911563 |
||
| 245 |
_aგამაჯანსაღებელი ფიზიკური კულტურა საშუალო და ხნიერ ასაკში / _cრ. სვანიშვილი; რედ. ლ. კალანდაძე. |
||
| 264 |
_aთბ. : _bსაბჭ. საქართველო, _c 1986. |
||
| 300 |
_a58 გვ. : _bილ. ; _c20 სმ. |
||
| 653 | _aგამაჯანსაღებელი ფიზკულტურა. | ||
| 700 |
_aკალანდაძე, ლ. _eრედაქტორი _96059 |
||
| 942 |
_2udc _cBK |
||